000 00665nam a2200205Ii 4500
003 JO-AjNU
008 230605s9999||||xx |||||||||||||| ||und||
040 _aJO-AjNU
_bara
_erda
_cJO-AjNU
041 _aara
050 1 4 _aQA127.A65.S2922 1992
100 3 _aسعيدان، احمد سليم,
_eauthor
_938994
245 0 0 _aمقدمة لتاريخ الفكر العلمي في الاسلام
250 _aط1
264 3 1 _aبيروت: دار القلم ، 1992
300 _a206ص
336 _atext
_btxt
_2rdacontent
337 _aunmediated
_bn
_2rdamedia
338 _avolume
_bnc
_2rdacarrier
650 4 _aالعلوم عند العرب - تاريخ
_938995
999 _aA16431
_c19999
_d19999